000 01121cam a2200289 4500
001 ##L132980
002 ##9922
008 060329n2006 000 0 eng u
020 _a1859461999
035 _a(Sirsi) u132980
041 0 _aeng
050 0 4 _a692.2 $2 18
110 2 _aBuilding Performance Group
_93984
245 0 0 _aGuide to Part L of the Building Regulations
_bconservation of fuel and power 2006 edition
260 _aNewcastle Upon Tyne
_bNBS
_c2006
300 _av 131p.
_c30cm.
350 _a20
520 _aGives an overview of the Part L Approved Documents and provides guidance as to their requirements. Includes a glossary of terms and a bibliography.
590 _aIKA050906, KA
650 2 4 _aBUILDING REGULATIONS 2000 APPROVED DOCUMENT L1A (2006 EDITION)
650 2 4 _aBUILDING REGULATIONS 2000 APPROVED DOCUMENT L1B (2006 EDITION)
650 2 4 _aBUILDING REGULATIONS 2000 APPROVED DOCUMENT L2A (2006 EDITION)
650 2 4 _aBUILDING REGULATIONS 2000 APPROVED DOCUMENT L2B (2006 EDITION)
651 4 _aEngland and Wales
_y1543-
690 _aBuilding regulations
_96224
942 _n0
999 _c105297
_d105297